Basic electronics : components, devices, and circuits (Record no. 66476)

000 -LEADER
fixed length control field 00456nam a22001697a 4500
003 - CONTROL NUMBER IDENTIFIER
control field NUST - PNEC
005 - DATE AND TIME OF LATEST TRANSACTION
control field 20170116180953.0
008 - FIXED-LENGTH DATA ELEMENTS--GENERAL INFORMATION
fixed length control field 150908b xxu||||| |||| 00| 0 eng d
020 ## - INTERNATIONAL STANDARD BOOK NUMBER
International Standard Book Number 002818260X
040 ## - CATALOGING SOURCE
Transcribing agency LIBRARY
082 ## - DEWEY DECIMAL CLASSIFICATION NUMBER
Classification number 621.381 HAN
100 ## - MAIN ENTRY--PERSONAL NAME
9 (RLIN) 9226
Personal name Hand, William P
245 ## - TITLE STATEMENT
Title Basic electronics : components, devices, and circuits
Statement of responsibility, etc. William P Hand
260 ## - PUBLICATION, DISTRIBUTION, ETC.
Date of publication, distribution, etc. c.1980
650 ## - SUBJECT ADDED ENTRY--TOPICAL TERM
9 (RLIN) 9227
Topical term or geographic name entry element Electronics
General subdivision EL
942 ## - ADDED ENTRY ELEMENTS (KOHA)
Source of classification or shelving scheme
Koha item type Book
Holdings
Withdrawn status Lost status Source of classification or shelving scheme Damaged status Not for loan Permanent Location Current Location Shelving location Date acquired Total Checkouts Full call number Barcode Date last seen Price effective from Koha item type
          Pakistan Navy Engineering College (PNEC) Pakistan Navy Engineering College (PNEC)       621.381 HAN PNECLIB-013249 09/08/2015   Book
          Pakistan Navy Engineering College (PNEC) Pakistan Navy Engineering College (PNEC)   10/07/2015   621.381 HAN PNECLIB-013338 10/07/2015   Book
© 2023 Central Library, National University of Sciences and Technology. All Rights Reserved.